000 00470nam a22001457a 4500
020 _qHB.
040 _cFIZZA ISHAQ
082 _a909
_bWIL
100 _a Williams , Henry Smith.
_9134324
245 _aThe historians' history of the world in twenty-five volumes, volume XI - FRANCE, 843-1715 /
_cHenry Smith Williams.
250 _aVol : XI
260 _aNew York :
_b Press of J. J. Little & Co,
_c1904.
300 _axiv ; 656 P. ; ill . ;
_c27 cm
942 _2ddc
_cBK
999 _c617306
_d617306